The Heath introduction to fiction / (Record no. 7153)

MARC details
000 -LEADER
fixed length control field 00704nam a2200181 a 4500
020 ## - INTERNATIONAL STANDARD BOOK NUMBER
ISBN 0669355054
022 ## - INTERNATIONAL STANDARD SERIAL NUMBER
ISSN 9780669355055
050 00 - CALL NUMBER
Classification number PN6014
Item number .H358
100 ## - AUTHOR
Personal name Clayton, John Jacob.
245 04 - TITLE
Title The Heath introduction to fiction /
Statement of responsibility, etc with an introduction and notes by John J. Clayton.
250 ## - EDITION
Edition statement 5th ed.
260 ## - PUBLICATION INFORMATION
Place of publication Lexington, Mass. :
Name of publisher D.C. Heath,
Year of publication c1996.
300 ## - DESCRIPTION
Number of Pages xv, 872 p. ;
Dimensions 23 cm.
500 ## - NOTES
General note Includes indexes.
505 ## - FORMATTED CONTENTS NOTE
Table of Content Introduction: On Fiction<br/>How to Read and Write About Fiction<br/>Story Groupings <br/>Nineteenth-Century Fiction<br/>Selected Modern Fiction<br/>Contemporary Fiction<br/>Index of Authors and Titles <br/>Index of Terms<br/><br/>
650 #0 - SUBJECTS
Topical Term Short stories.
942 ## - ADDED ENTRY ELEMENTS (KOHA)
Koha item type Books
Holdings
Withdrawn status Lost status Home library Current library Shelving location Date acquired Full call number Accession Number Koha item type
    Methodist University Library Main Methodist University Library Main General Stacks 25/07/2000 PN6014 .H358 26428 Books
    Methodist University Library Main Methodist University Library Main General Stacks 25/07/2000 PN6014 .H358 26431 Books
Copyright © 2026  MUG Library